Seriously Sad Sitcom Scenarios Quiz Stats

 Plays Quiz Updated Jul 13, 2018

Challenge
Share
Tweet
Score 0/20 Timer 05:00
6 Plays Today
% Correct
Friends
98.8%
The Simpsons
98.7%
The Big Bang Theory
96.8%
Fresh Prince of Bel-Air
96%
Full House
84.1%
Home Improvement
84%
How I Met Your Mother
81.3%
Futurama
76.4%
Cheers
74.4%
All in the Family
70.6%
% Correct
Glee
68.3%
The Office (US)
67%
Boy Meets World
64.2%
Family Ties
63.9%
Diff'rent Strokes
62.3%
The Facts of Life
49.3%
Scrubs
49.2%
Blackadder Goes Forth
37.4%
8 Simple Rules
37.1%
M*A*S*H
35.4%

You're not logged in!

Compare scores with friends on all Sporcle quizzes.
OR
Log In

You Might Also Like...

Show Comments

Extras

Top Quizzes Today


Score Distribution

Your Account Isn't Verified!

In order to create a playlist on Sporcle, you need to verify the email address you used during registration. Go to your Sporcle Settings to finish the process.

Report this User

Report this user for behavior that violates our Community Guidelines.

Details: